| 000 | 00715nam a22001937a 4500 | ||
|---|---|---|---|
| 999 |
_c13818 _d13818 |
||
| 008 | 190422b ||||| |||| 00| 0 eng d | ||
| 082 |
_22013 _aAV-Eb 657.458 _bA786 |
||
| 100 |
_aArter, Dennis R. _938410 |
||
| 245 |
_aHow to audit the process-based QMS / _cDennis R. Arter, Charles A. Cianfrani, and John E. (Jack) West |
||
| 250 | _aSecond Edition | ||
| 260 |
_bASQ Quality Press, _c©2013. |
||
| 300 | _a209 pages; | ||
| 500 | _aIncludes index. | ||
| 650 |
_aAuditing, Internal - Methodology _938411 |
||
| 700 |
_aCianfrani,Charles A. _938412 |
||
| 700 |
_aWest,John E. (Jack) _938413 |
||
| 856 | _yhttps://ebookcentral.proquest.com/lib/uniofmindanao-ebooks/detail.action?docID=3002608 | ||
| 942 |
_2ddc _cEB |
||